[Event "chess.com Speed 2020"]
[Site "chess.com INT"]
[Date "2020.11.16"]
[Round "1.33"]
[White "Giri, Anish"]
[Black "Artemiev, Vladislav"]
[Result "1/2-1/2"]
[WhiteTitle "GM"]
[BlackTitle "GM"]
[WhiteElo "2764"]
[BlackElo "2708"]
[WhiteFideId "24116068"]
[BlackFideId "24101605"]
[EventDate "2020.11.01"]

1. e4 c5 2. Nf3 a6 3. c4 Nc6 4. d4 cxd4 5. Nxd4 e5 6. Nf5 d6 7. Ne3 g6 8. Nc3
Bh6 9. Nc2 Bxc1 10. Rxc1 Nge7 11. Be2 O-O 12. O-O Be6 13. Qd2 Qd7 14. Rcd1 Rad8
15. b3 f5 16. exf5 Nxf5 17. Bd3 Nfd4 18. Be4 Nxc2 19. Qxc2 Nd4 20. Qd3 Bg4 21.
f3 Bf5 22. Ne2 Ne6 23. Qe3 Bxe4 24. Qxe4 Qc6 25. Qe3 b5 26. Rc1 Qc5 27. Qxc5
dxc5 28. Rfd1 bxc4 29. bxc4 Rxd1+ 30. Rxd1 Nd4 31. Nc3 Rb8 32. Ne4 Rb4 33. Nxc5
Rxc4 34. Nxa6 Ra4 35. Nc5 Rxa2 36. Nd3 Ne2+ 37. Kf1 Nf4 38. Nxf4 exf4 39. Rd4
Ra1+ 40. Kf2 Ra2+ 41. Kf1 Ra1+ 42. Ke2 Ra2+ 43. Rd2 Ra3 1/2-1/2

[Event "chess.com Speed 2020"]
[Site "chess.com INT"]
[Date "2020.11.16"]
[Round "1.35"]
[White "Giri, Anish"]
[Black "Artemiev, Vladislav"]
[Result "0-1"]
[WhiteTitle "GM"]
[BlackTitle "GM"]
[WhiteElo "2764"]
[BlackElo "2708"]
[WhiteFideId "24116068"]
[BlackFideId "24101605"]
[EventDate "2020.11.01"]

1. e4 c5 2. Nf3 e6 3. d4 cxd4 4. Nxd4 Nc6 5. Nc3 a6 6. Nxc6 bxc6 7. Qd3 d5 8.
Qg3 Ne7 9. h4 dxe4 10. Nxe4 Nf5 11. Qf4 c5 12. Bd3 Bb7 13. h5 Qd4 14. Rh3 c4 15.
c3 Qd5 16. Bc2 Be7 17. Qg4 O-O 18. Bg5 Kh8 19. Bxe7 Nxe7 20. h6 g6 21. Qh4 f6
22. Rd1 Nf5 23. Qf4 Qb5 24. g4 Ne7 25. b4 cxb3 26. axb3 Nd5 27. Qd2 Qb6 28. g5
fxg5 29. Nxg5 Nf4 30. Rf3 Bxf3 31. Nxf3 Rad8 32. Nd4 e5 33. Qe3 Ng2+ 0-1

[Event "chess.com Speed 2020"]
[Site "chess.com INT"]
[Date "2020.11.16"]
[Round "1.37"]
[White "Giri, Anish"]
[Black "Artemiev, Vladislav"]
[Result "0-1"]
[WhiteTitle "GM"]
[BlackTitle "GM"]
[WhiteElo "2764"]
[BlackElo "2708"]
[WhiteFideId "24116068"]
[BlackFideId "24101605"]
[EventDate "2020.11.01"]

1. e4 e5 2. Nf3 Nc6 3. Bc4 Be7 4. d4 d6 5. O-O Bg4 6. c3 Nf6 7. d5 Nb8 8. Nbd2
O-O 9. h3 Bh5 10. Be2 Nbd7 11. Re1 c6 12. dxc6 bxc6 13. Nh4 Bxe2 14. Qxe2 g6 15.
Nhf3 Nc5 16. c4 a5 17. b3 Qb6 18. Rb1 Rfb8 19. Ba3 Nfd7 20. Red1 Ne6 21. Nf1 Qc7
22. Ne3 Ndc5 23. Qc2 h5 24. g3 Bf8 25. Bc1 Rb7 26. Bd2 Nd4 27. Nxd4 exd4 28. Ng2
Re8 29. Re1 d3 30. Qc3 Bg7 31. Qxa5 Qxa5 32. Bxa5 Ra7 33. b4 Nxe4 34. Rbd1 Bc3
35. Re3 Bd4 36. Rexd3 Bxf2+ 37. Kh2 c5 38. a3 Bd4 39. Re1 Re5 40. Nf4 Nf2 41.
Rxe5 dxe5 0-1

[Event "chess.com Speed 2020"]
[Site "chess.com INT"]
[Date "2020.11.16"]
[Round "1.39"]
[White "Giri, Anish"]
[Black "Artemiev, Vladislav"]
[Result "1-0"]
[WhiteTitle "GM"]
[BlackTitle "GM"]
[WhiteElo "2764"]
[BlackElo "2708"]
[WhiteFideId "24116068"]
[BlackFideId "24101605"]
[EventDate "2020.11.01"]

1. e4 c5 2. Nf3 a6 3. c3 d5 4. exd5 Qxd5 5. d4 Bg4 6. Be2 e6 7. O-O Nf6 8. h3
Bh5 9. Be3 Nbd7 10. c4 Qd6 11. Nc3 cxd4 12. Nxd4 Bxe2 13. Qxe2 Be7 14. Rad1 Qc7
15. b3 O-O 16. Rc1 Rfd8 17. Rfd1 h6 18. Nf3 Ba3 19. Rc2 Bb4 20. Bd2 Qa5 21. Ne4
Nxe4 22. Qxe4 Nc5 23. Qe2 Bxd2 24. Rcxd2 Qc7 25. Qe5 Rxd2 26. Qxc7 Rxd1+ 27. Kh2
Nd3 28. Qxb7 Rf8 29. b4 Nxf2 30. c5 f5 31. Kg3 Ne4+ 32. Kf4 g5+ 33. Ke5 Rf6 34.
Nd4 Rf7 35. Qc8+ Kh7 36. Qxe6 Kg8 37. Nxf5 1-0

[Event "chess.com Speed 2020"]
[Site "chess.com INT"]
[Date "2020.12.03"]
[Round "2.11"]
[White "So, Wesley"]
[Black "Duda, Jan-Krzysztof"]
[Result "1/2-1/2"]
[WhiteTitle "GM"]
[BlackTitle "GM"]
[WhiteElo "2770"]
[BlackElo "2743"]
[WhiteFideId "5202213"]
[BlackFideId "1170546"]
[EventDate "2020.11.01"]

1. e4 c5 2. Nf3 d6 3. d4 cxd4 4. Nxd4 Nf6 5. Nc3 a6 6. f3 e5 7. Nb3 Be6 8. Be3
Nc6 9. Qe2 Na5 10. O-O-O Nc4 11. Bg5 Be7 12. Kb1 Qc7 13. Qe1 b5 14. Bxc4 bxc4
15. Nd2 Rb8 16. Nf1 Qb7 17. Bc1 O-O 18. Ne3 Rfc8 19. g4 Rc6 20. Ncd5 Bd8 21.
Nxf6+ Bxf6 22. Qc3 Qb5 23. Qa3 c3 24. b3 Bd8 25. Nd5 a5 26. Rd3 Rbc8 27. Rhd1 h6
28. h3 Kh7 29. f4 exf4 30. Bxf4 Bh4 31. Bxd6 a4 32. Qb4 Qa6 33. Be5 axb3 34.
axb3 Ra8 35. Bxc3 Bg5 36. Ne3 Qa7 37. Qd4 Qa2+ 38. Kc1 f6 39. Kd2 Rac8 40. Ke2
Qa6 41. Kf2 Bxe3+ 42. Rxe3 Qb7 43. Rdd3 Qc7 44. Kg2 Qf7 45. Rf3 Qg6 46. e5 f5
47. Rg3 Rf8 48. Qf4 Rf7 49. g5 h5 50. Rd6 Rfc7 51. Rxc6 Rxc6 52. Kh2 Bd5 53. Qd4
Be4 54. e6 Rxe6 55. Qe3 Re7 56. b4 Qd6 57. g6+ Kg8 58. Qc5 Qxc5 59. bxc5 f4 60.
Rg5 Bxc2 61. Rxh5 Re2+ 62. Kg1 f3 63. Re5 Rg2+ 64. Kh1 Bxg6 65. Re3 Bh5 66. c6
Rg6 67. c7 Rc6 68. Kh2 Rxc7 69. Kg3 Rf7 70. Be1 Rf5 71. Bf2 Kh7 72. h4 Rf6 73.
Re4 Rg6+ 74. Kf4 Rg2 75. Ke3 Kg6 76. Re5 Rh2 77. Rg5+ Kh6 78. Rf5 g6 79. Rf6 Kg7
80. Rf4 Rh1 81. Rd4 Ra1 82. Kf4 Ra5 83. Rd7+ Kf6 84. Kg3 Ke6 85. Rd4 Ke5 86. Rf4
Ra2 87. Bd4+ Kd5 88. Bf2 Re2 89. Rd4+ Ke5 90. Rb4 Rd2 91. Rb5+ Ke4 92. Rb4+ Kf5
93. Rf4+ Ke5 94. Rb4 Ra2 95. Rc4 Kd5 96. Rd4+ Kc6 97. Rc4+ Kb5 98. Rd4 Ra8 99.
Re4 Rd8 100. Rf4 Re8 101. Rd4 Kc6 102. Rc4+ Kd5 103. Rd4+ Ke5 104. Rf4 Rd8 105.
Rc4 Rd2 106. Rc5+ Ke4 107. Rc4+ Kd5 108. Rc5+ Kd6 109. Rc4 Ra2 110. Rd4+ Ke6
111. Re4+ Kf5 112. Rf4+ Ke5 113. Rc4 Kd5 114. Rd4+ Kc6 115. Rc4+ Kd7 116. Rd4+
Ke7 117. Re4+ Kf6 118. Rf4+ Ke5 1/2-1/2

[Event "chess.com Speed 2020"]
[Site "chess.com INT"]
[Date "2020.12.03"]
[Round "2.15"]
[White "So, Wesley"]
[Black "Duda, Jan-Krzysztof"]
[Result "1/2-1/2"]
[WhiteTitle "GM"]
[BlackTitle "GM"]
[WhiteElo "2770"]
[BlackElo "2743"]
[WhiteFideId "5202213"]
[BlackFideId "1170546"]
[EventDate "2020.11.01"]

1. e4 c5 2. Nf3 d6 3. d4 cxd4 4. Nxd4 Nf6 5. Nc3 a6 6. Rg1 e5 7. Nb3 Be6 8. g4
d5 9. exd5 Nxd5 10. Nxd5 Qxd5 11. Qxd5 Bxd5 12. Be3 Nc6 13. O-O-O O-O-O 14. Bb6
Rd6 15. g5 Be6 16. Rxd6 Bxd6 17. Nc5 Bxc5 18. Bxc5 Kc7 19. h4 h6 20. g6 f6 21.
h5 Rd8 22. b3 b6 23. Ba3 b5 24. Bc5 Nd4 25. Rg3 Bf5 26. Rc3 Kb8 27. f3 Ne6 28.
Be3 Kb7 29. a4 Rd5 30. axb5 axb5 31. f4 Be4 32. fxe5 Rxe5 33. Bh3 Bf5 34. Bg2+
Be4 35. Bh3 Bf5 36. Bg2+ Be4 37. Bh3 1/2-1/2

[Event "chess.com Speed 2020"]
[Site "chess.com INT"]
[Date "2020.12.03"]
[Round "2.16"]
[White "Duda, Jan-Krzysztof"]
[Black "So, Wesley"]
[Result "1-0"]
[WhiteTitle "GM"]
[BlackTitle "GM"]
[WhiteElo "2743"]
[BlackElo "2770"]
[WhiteFideId "1170546"]
[BlackFideId "5202213"]
[EventDate "2020.11.01"]

1. e4 e5 2. Nf3 Nc6 3. Bc4 Nf6 4. d3 Bc5 5. O-O O-O 6. Bg5 h6 7. Bh4 g5 8. Bg3
d6 9. c3 a6 10. Bb3 Ba7 11. Nbd2 Kg7 12. Re1 Ng8 13. Nf1 f5 14. exf5 Bxf5 15.
Ne3 Bxe3 16. Rxe3 Nf6 17. d4 e4 18. d5 exf3 19. dxc6 bxc6 20. Qxf3 Qd7 21. Rae1
Rae8 22. Qd1 Rxe3 23. Rxe3 Re8 24. Rxe8 Qxe8 25. f3 c5 26. Qe1 Qd7 27. Qe2 a5
28. Be1 a4 29. Bd1 Bg6 30. c4 d5 31. cxd5 Nxd5 32. Qe5+ Kh7 33. Bxa4 Qxa4 34.
Qxd5 Qd4+ 35. Qxd4 cxd4 36. Bb4 Kg7 37. a4 Kf6 38. a5 Bd3 39. g4 Ba6 40. Kf2 h5
41. gxh5 Kg7 42. Bc5 d3 43. Be3 Kh6 44. h4 Kxh5 45. hxg5 c5 46. Ke1 1-0

[Event "chess.com Speed 2020"]
[Site "chess.com INT"]
[Date "2020.12.03"]
[Round "2.23"]
[White "So, Wesley"]
[Black "Duda, Jan-Krzysztof"]
[Result "1/2-1/2"]
[WhiteTitle "GM"]
[BlackTitle "GM"]
[WhiteElo "2770"]
[BlackElo "2743"]
[WhiteFideId "5202213"]
[BlackFideId "1170546"]
[EventDate "2020.11.01"]

1. d4 Nf6 2. c4 e6 3. Nc3 Bb4 4. Qc2 d5 5. a3 Bxc3+ 6. Qxc3 Ne4 7. Qc2 c5 8.
dxc5 Nc6 9. Nf3 Qa5+ 10. Bd2 Nxd2 11. Nxd2 Qxc5 12. b4 Qe7 13. e3 O-O 14. Bd3 h6
15. O-O Ne5 16. cxd5 exd5 17. Rac1 Be6 18. Qc3 Qf6 19. Be2 Rfc8 20. Qd4 Rxc1 21.
Rxc1 Nd7 22. Qxf6 Nxf6 23. Rc7 Rb8 24. Bb5 a6 25. Ba4 Rc8 26. Rxc8+ Bxc8 27. Kf1
Kf8 28. Ke2 Ke7 29. Kd3 Kd6 30. f3 Ng8 31. Kd4 Ne7 32. g4 g5 33. h3 Be6 34. e4
f6 35. b5 axb5 36. Bxb5 b6 37. a4 Ng6 38. exd5 Bxd5 39. Bc4 Bc6 40. Bb5 Bb7 41.
Bd3 Nf4 42. Bf1 Bd5 43. Bc4 Bc6 44. Bb5 Bb7 45. Bf1 h5 46. gxh5 Nxh5 47. Bd3 Nf4
48. Bf5 Bc6 49. Nc4+ Kc7 50. a5 bxa5 51. Nxa5 Bxf3 52. h4 Bh5 53. hxg5 fxg5 54.
Nc4 Kd8 55. Nd6 Ke7 56. Ne4 g4 57. Ke5 Ng6+ 58. Bxg6 Bxg6 59. Kf4 Bxe4 60. Kxg4 1/2-1/2

[Event "chess.com Speed 2020"]
[Site "chess.com INT"]
[Date "2020.12.03"]
[Round "2.24"]
[White "Duda, Jan-Krzysztof"]
[Black "So, Wesley"]
[Result "1/2-1/2"]
[WhiteTitle "GM"]
[BlackTitle "GM"]
[WhiteElo "2743"]
[BlackElo "2770"]
[WhiteFideId "1170546"]
[BlackFideId "5202213"]
[EventDate "2020.11.01"]

1. d4 Nf6 2. c4 e6 3. Nc3 Bb4 4. e3 O-O 5. Bd3 d5 6. a3 Bxc3+ 7. bxc3 dxc4 8.
Bxc4 c5 9. Ne2 Qc7 10. Ba2 b6 11. Bb2 Ba6 12. Rc1 Nc6 13. c4 cxd4 14. Nxd4 Rad8
15. Qe2 Nxd4 16. exd4 b5 17. c5 Bb7 18. O-O a6 19. Bb1 Bd5 20. Rfe1 Qc6 21. Rc3
Bc4 22. Qc2 Rd5 23. Rg3 Rfd8 24. Qc1 Kf8 25. Bc2 h6 26. h3 Nh5 27. Rg4 Nf6 28.
Rg3 Nh5 29. Rg4 Nf6 30. Rg3 1/2-1/2

[Event "chess.com Speed 2020"]
[Site "chess.com INT"]
[Date "2020.12.03"]
[Round "2.38"]
[White "So, Wesley"]
[Black "Duda, Jan-Krzysztof"]
[Result "1/2-1/2"]
[WhiteTitle "GM"]
[BlackTitle "GM"]
[WhiteElo "2770"]
[BlackElo "2743"]
[WhiteFideId "5202213"]
[BlackFideId "1170546"]
[EventDate "2020.11.01"]

1. e4 c5 2. Nf3 e6 3. d4 cxd4 4. Nxd4 Nc6 5. Nc3 Qc7 6. g3 a6 7. Bg2 Nf6 8. O-O
Nxd4 9. Qxd4 Bc5 10. Bf4 d6 11. Qd2 e5 12. Be3 O-O 13. Bg5 Be6 14. Bxf6 gxf6 15.
Nd5 Bxd5 16. exd5 Kh8 17. Be4 Rg8 18. Qh6 Rg6 19. Bxg6 fxg6 20. c3 f5 21. Kg2
Rg8 22. Rad1 Qf7 23. h4 b5 24. Rh1 f4 25. gxf4 Qf5 26. Qg5 Qe4+ 27. Kh2 Rf8 28.
h5 gxh5 29. Rdg1 Qxf4+ 30. Qxf4 Rxf4 31. Rg5 Bxf2 32. Rxh5 e4 33. Kg2 e3 34.
Rxh7+ Kg8 35. Re7 Rf5 36. Rhh7 e2 37. Rxe2 Kxh7 38. Rxf2 Rxd5 39. Kf3 Kg6 40.
Ke4 Rd1 41. b4 Kg5 42. Rf5+ Kg4 43. Rd5 Re1+ 44. Kd4 Rd1+ 45. Ke4 Re1+ 46. Kd4
Rd1+ 47. Ke4 1/2-1/2

[Event "chess.com Speed 2020"]
[Site "chess.com INT"]
[Date "2020.12.03"]
[Round "2.11"]
[White "Vachier-Lagrave, Maxime"]
[Black "Aronian, Levon"]
[Result "1/2-1/2"]
[WhiteTitle "GM"]
[BlackTitle "GM"]
[WhiteElo "2784"]
[BlackElo "2781"]
[WhiteFideId "623539"]
[BlackFideId "13300474"]
[EventDate "2020.11.01"]

1. e4 e5 2. Nf3 Nc6 3. Bc4 Bc5 4. O-O Nf6 5. d3 O-O 6. c3 d6 7. Re1 a5 8. Nbd2
Be6 9. Bb5 Qb8 10. Nf1 Qa7 11. Be3 Bxe3 12. Nxe3 Ne7 13. Ba4 Ng6 14. Bb3 Rfe8
15. g3 a4 16. Bxe6 Rxe6 17. b4 axb3 18. axb3 Qb8 19. b4 c6 20. Qb3 Re8 21. Rxa8
Qxa8 22. b5 h6 23. Nf5 Rd8 24. Rb1 d5 25. Nd2 Qc8 26. bxc6 bxc6 27. Qb7 Qxb7 28.
Rxb7 dxe4 29. Nxe4 Ne8 30. Rc7 Nf8 31. Rxc6 Ne6 32. Nc5 N8c7 33. d4 exd4 34.
cxd4 Nxc5 35. dxc5 Ne6 36. Rd6 Ra8 37. c6 Kf8 38. Rd7 Rc8 39. Rxf7+ Kxf7 40.
Nd6+ Ke7 41. Nxc8+ Kd8 42. Nd6 Kc7 43. Nf5 Kxc6 44. f4 Kd5 45. Kf2 Ke4 46. Nd6+
Kd5 47. Ne8 Ke4 48. h4 h5 49. Nd6+ Kd5 50. Nf7 Ke4 51. Ng5+ Nxg5 52. fxg5 Kf5
53. Kf3 g6 54. g4+ hxg4+ 55. Kg3 Ke6 56. Kxg4 Kf7 57. Kf3 Ke6 58. Kf4 Kf7 59.
Ke5 Ke7 60. Kf4 Kf7 61. Ke4 Ke6 62. Ke3 Ke5 63. Kf3 Kf5 64. Kg3 Ke6 65. Kf4 Kf7 1/2-1/2

[Event "chess.com Speed 2020"]
[Site "chess.com INT"]
[Date "2020.12.03"]
[Round "2.12"]
[White "Aronian, Levon"]
[Black "Vachier-Lagrave, Maxime"]
[Result "0-1"]
[WhiteTitle "GM"]
[BlackTitle "GM"]
[WhiteElo "2781"]
[BlackElo "2784"]
[WhiteFideId "13300474"]
[BlackFideId "623539"]
[EventDate "2020.11.01"]

1. b3 e5 2. Bb2 Nc6 3. e3 Nf6 4. Bb5 d6 5. Ne2 Bd7 6. O-O Be7 7. c4 O-O 8. Nbc3
Re8 9. d4 a6 10. Bxc6 Bxc6 11. Qc2 Qc8 12. Rad1 Bf8 13. a4 h5 14. e4 exd4 15.
Rxd4 g6 16. f3 Bg7 17. Rdd1 Rb8 18. Nd4 Bd7 19. Kh1 h4 20. Qf2 h3 21. gxh3 c5
22. Nde2 b5 23. axb5 axb5 24. Nd5 Nxd5 25. Bxg7 Kxg7 26. cxd5 Bxh3 27. Rg1 Qd8
28. Nf4 Rh8 29. Rg3 Bd7 30. Rdg1 Rh6 31. Rg5 Qe7 32. h4 Rbh8 33. h5 Qf6 34. Qg3
c4 35. bxc4 bxc4 36. Kg2 Ra8 37. Rf1 Ra2+ 38. Rf2 Rxf2+ 39. Kxf2 c3 40. Ne2 c2
41. hxg6 fxg6 42. e5 dxe5 43. Qxe5 Qxe5 44. Rxe5 Rh2+ 0-1

[Event "chess.com Speed 2020"]
[Site "chess.com INT"]
[Date "2020.12.03"]
[Round "2.13"]
[White "Vachier-Lagrave, Maxime"]
[Black "Aronian, Levon"]
[Result "1/2-1/2"]
[WhiteTitle "GM"]
[BlackTitle "GM"]
[WhiteElo "2784"]
[BlackElo "2781"]
[WhiteFideId "623539"]
[BlackFideId "13300474"]
[EventDate "2020.11.01"]

1. e4 e5 2. Nf3 Nc6 3. Bc4 Bc5 4. O-O Nf6 5. d3 d6 6. c3 O-O 7. Re1 a5 8. Nbd2
Be6 9. Bb5 Qb8 10. Nf1 Qa7 11. Be3 Bxe3 12. Nxe3 a4 13. d4 Ne7 14. Bd3 Ng6 15.
Bc2 h6 16. Nf5 Rfd8 17. Qd2 b5 18. Rad1 Bxa2 19. Nxh6+ gxh6 20. Qxh6 c5 21. dxe5
dxe5 22. Nxe5 Rxd1 23. Rxd1 Nxe5 24. Qxf6 Ng6 25. h4 Qe7 26. Qc6 Rd8 27. Rxd8+
Qxd8 28. h5 Nf4 29. Qxc5 Ne2+ 30. Kf1 Bc4 31. Ke1 Nf4 32. f3 Nxg2+ 33. Kf2 Nf4
34. Qf5 Qd2+ 35. Kg3 Ne2+ 36. Kh4 Qe1+ 37. Kg5 Qg3+ 38. Kf6 Qd6+ 39. Kg5 Qg3+
40. Kf6 Qh4+ 41. Qg5+ Qxg5+ 42. Kxg5 Nxc3 43. bxc3 a3 44. Bb1 a2 45. Bxa2 Bxa2
46. f4 Bb1 47. e5 Ba2 48. f5 Kg7 49. h6+ Kh7 50. Kh5 Bc4 51. Kg5 Bb3 52. Kf6
Kxh6 53. e6 fxe6 54. fxe6 Bd1 55. e7 Bh5 56. Ke6 Be8 57. Kd6 Kg6 58. Kc5 Kf6 59.
c4 bxc4 60. Kxc4 Kxe7 1/2-1/2

[Event "chess.com Speed 2020"]
[Site "chess.com INT"]
[Date "2020.12.03"]
[Round "2.14"]
[White "Aronian, Levon"]
[Black "Vachier-Lagrave, Maxime"]
[Result "1/2-1/2"]
[WhiteTitle "GM"]
[BlackTitle "GM"]
[WhiteElo "2781"]
[BlackElo "2784"]
[WhiteFideId "13300474"]
[BlackFideId "623539"]
[EventDate "2020.11.01"]

1. b3 Nf6 2. Bb2 g6 3. c4 Bg7 4. g3 O-O 5. Bg2 d6 6. d4 Nc6 7. d5 Ne5 8. Nd2 e6
9. dxe6 Bxe6 10. Ngf3 Nfg4 11. Bd4 c5 12. Nxe5 Nxe5 13. Bxe5 Bxe5 14. Rc1 Qe7
15. O-O Rad8 16. e3 b6 17. Qe2 h5 18. h4 d5 19. cxd5 Bxd5 20. Bxd5 Rxd5 21. Nf3
Rfd8 22. Rfd1 Qd6 23. Rxd5 Qxd5 24. Kg2 Bf6 25. Rc2 Qd3 26. Kf1 Qd1+ 27. Qxd1
Rxd1+ 28. Ke2 Ra1 29. Kd3 Kf8 30. Kc4 Ke7 31. Nd2 Kd7 32. Ne4 Be5 33. Kd5 Bg7
34. Rd2 Rc1 35. Ng5 Ke7 36. Ne4 Bc3 37. Rd3 Be1 38. a4 Rc2 39. f4 f5 40. Ng5
Bxg3 41. Nf3 Kf6 42. Kc6 c4 43. bxc4 Rxc4+ 44. Kd7 Rxa4 45. Rd6+ Kg7 46. Ne5
Bxh4 47. Rxg6+ Kh7 48. Ke6 Ra3 49. Kf7 Rxe3 50. Rg7+ Kh6 51. Rg8 Kh7 52. Rg7+
Kh6 53. Kg8 Rxe5 54. fxe5 f4 55. e6 f3 56. Rf7 Kg6 57. Rxf3 Bf6 58. Re3 h4 59.
e7 Bxe7 60. Rxe7 Kf5 61. Rxa7 Kg4 62. Ra4+ Kg3 63. Ra3+ Kg2 64. Ra2+ Kg3 65.
Ra3+ Kg2 66. Ra2+ Kg3 67. Ra3+ 1/2-1/2

[Event "chess.com Speed 2020"]
[Site "chess.com INT"]
[Date "2020.12.03"]
[Round "2.15"]
[White "Vachier-Lagrave, Maxime"]
[Black "Aronian, Levon"]
[Result "1/2-1/2"]
[WhiteTitle "GM"]
[BlackTitle "GM"]
[WhiteElo "2784"]
[BlackElo "2781"]
[WhiteFideId "623539"]
[BlackFideId "13300474"]
[EventDate "2020.11.01"]

1. e4 e5 2. Nf3 Nc6 3. Bb5 Nf6 4. O-O Nxe4 5. Re1 Nd6 6. Nxe5 Be7 7. Bf1 Nxe5 8.
Rxe5 O-O 9. d4 Ne8 10. Nc3 Bf6 11. Re1 d5 12. Ne2 c6 13. Ng3 g6 14. Bf4 Qb6 15.
Bh6 Bxd4 16. Qd2 Bg7 17. c3 Bxh6 18. Qxh6 Ng7 19. b3 Be6 20. h4 Rae8 21. h5 Bc8
22. Qf4 Ne6 23. Qf3 Qd8 24. Re5 Ng5 25. Qe3 Rxe5 26. Qxe5 Re8 27. Qd4 b6 28. b4
Ne6 29. Qd2 Qg5 30. Qxg5 Nxg5 31. a4 Kf8 32. a5 b5 33. hxg6 fxg6 34. f3 Ne6 35.
Ne2 Ke7 36. Nd4 Kd6 37. Kf2 Bd7 38. Bd3 a6 39. Rh1 Re7 40. g4 c5 41. Ne2 d4 42.
bxc5+ Nxc5 43. Rd1 dxc3 44. Bxb5+ Kc7 45. Nxc3 Bxb5 46. Nd5+ Kd6 47. Nxe7+ Kxe7
48. Rh1 Nb3 49. Rxh7+ Kf8 50. f4 Nxa5 51. Ke3 Nc6 52. f5 gxf5 53. gxf5 Ne7 54.
Ke4 Nxf5 55. Ra7 Nd6+ 56. Kd5 Nc4 57. Kc5 Nd2 58. Kb6 Nc4+ 59. Kc5 Ke8 60. Rb7
Na3 61. Kb4 Nc2+ 62. Kc5 Bd3 63. Rb3 Be4 64. Rb6 a5 65. Re6+ Kd7 66. Rxe4 Nb4
67. Rxb4 axb4 68. Kxb4 1/2-1/2

[Event "chess.com Speed 2020"]
[Site "chess.com INT"]
[Date "2020.12.03"]
[Round "2.16"]
[White "Aronian, Levon"]
[Black "Vachier-Lagrave, Maxime"]
[Result "1-0"]
[WhiteTitle "GM"]
[BlackTitle "GM"]
[WhiteElo "2781"]
[BlackElo "2784"]
[WhiteFideId "13300474"]
[BlackFideId "623539"]
[EventDate "2020.11.01"]

1. e4 c5 2. Nf3 d6 3. Nc3 Nf6 4. d4 cxd4 5. Qxd4 Nc6 6. Qe3 g6 7. Bc4 Bg7 8. h3
O-O 9. O-O Na5 10. Be2 Be6 11. Rd1 Qc7 12. Nd4 Bd7 13. Qg5 Nc6 14. Nb3 Nb4 15.
Bd2 Rac8 16. Qh4 Nc6 17. Bh6 Qb6 18. Be3 Qc7 19. a4 a6 20. a5 Ne5 21. Bb6 Qb8
22. Rac1 Nc4 23. Bxc4 Rxc4 24. Nd2 Rc6 25. Nd5 Re8 26. Bd4 e5 27. Nxf6+ Bxf6 28.
Qxf6 Re6 29. Qh4 exd4 30. Nf3 Re8 31. Rxd4 Qc7 32. Qh6 f6 33. b4 Rc4 34. Rcd1
Rxd4 35. Rxd4 Bc6 36. Qf4 Re6 37. Nd2 Qe7 38. f3 Bb5 39. c4 Bc6 40. Kh2 Re5 41.
Nf1 f5 42. exf5 Rxf5 43. Qxd6 Qe1 44. Ng3 Rxf3 45. b5 axb5 46. cxb5 Be8 47. Qd5+
Rf7 48. Re4 1-0

[Event "chess.com Speed 2020"]
[Site "chess.com INT"]
[Date "2020.12.03"]
[Round "2.17"]
[White "Vachier-Lagrave, Maxime"]
[Black "Aronian, Levon"]
[Result "1/2-1/2"]
[WhiteTitle "GM"]
[BlackTitle "GM"]
[WhiteElo "2784"]
[BlackElo "2781"]
[WhiteFideId "623539"]
[BlackFideId "13300474"]
[EventDate "2020.11.01"]

1. c4 Nf6 2. Nc3 e6 3. e4 d5 4. e5 d4 5. exf6 dxc3 6. bxc3 Qxf6 7. Nf3 b6 8. d4
Bb7 9. Bd3 Bxf3 10. Qxf3 Qxf3 11. gxf3 Nd7 12. Ke2 Bd6 13. Be4 Rd8 14. Bg5 f6
15. Be3 f5 16. Bc6 f4 17. Bc1 Kf7 18. a4 e5 19. Rd1 g5 20. a5 Nf6 21. axb6 axb6
22. Ra7 Kg6 23. h3 h5 24. Rg1 Kh6 25. Bb2 Rh7 26. Rd1 Re7 27. Kf1 Rg8 28. Ra8
Rxa8 29. Bxa8 g4 30. hxg4 hxg4 31. Bc1 Kg5 32. dxe5 Bxe5 33. Rd3 Rd7 34. Rxd7
Nxd7 35. fxg4 Kxg4 36. Bd2 Nc5 37. Ke2 Nb3 38. Be1 Nc5 39. Bc6 Bf6 40. f3+ Kh3
41. Kd2 Bh4 42. Bxh4 Kxh4 43. Ke2 Kg3 44. Bd5 Na4 45. Kd3 Nb2+ 46. Kc2 Na4 47.
Kd3 Nb2+ 48. Kc2 Na4 49. Kd3 1/2-1/2

[Event "chess.com Speed 2020"]
[Site "chess.com INT"]
[Date "2020.12.03"]
[Round "2.18"]
[White "Aronian, Levon"]
[Black "Vachier-Lagrave, Maxime"]
[Result "0-1"]
[WhiteTitle "GM"]
[BlackTitle "GM"]
[WhiteElo "2781"]
[BlackElo "2784"]
[WhiteFideId "13300474"]
[BlackFideId "623539"]
[EventDate "2020.11.01"]

1. d4 Nf6 2. Nf3 g6 3. Nc3 d5 4. Bf4 Bg7 5. e3 O-O 6. Nb5 Na6 7. h3 c6 8. Nc3 b5
9. Bd3 Nb4 10. a3 Nxd3+ 11. cxd3 a5 12. O-O Nd7 13. Ne5 Nxe5 14. Bxe5 Bxe5 15.
dxe5 d4 16. Ne2 dxe3 17. fxe3 c5 18. Rc1 Qd5 19. d4 Bb7 20. Nf4 Qe4 21. Qd3 Qxd3
22. Nxd3 cxd4 23. Nc5 Bd5 24. exd4 Rfd8 25. Kf2 b4 26. axb4 axb4 27. Rfd1 Ra2
28. Rd2 b3 29. Ke3 Kg7 30. Nd3 Ra7 31. h4 h6 32. g3 g5 33. Nb4 Ba8 34. Rc3 Ra1
35. Rxb3 Rg1 36. Rbd3 Rb8 37. Na6 Rxg3+ 38. Ke2 Rg2+ 39. Ke3 Rxd2 40. Rxd2 Rb3+
41. Kf2 gxh4 42. d5 h3 43. Nc7 Bb7 44. Kg1 Bc8 45. Kh2 Bd7 46. e6 fxe6 47. dxe6
Bc6 48. Rc2 Be4 49. Rf2 Kg6 50. Na6 Bf5 51. Nc7 Rb7 52. Nd5 Bg4 53. b4 Kg5 54.
Rf1 Bxe6 55. Rg1+ Bg4 56. b5 Rxb5 57. Nxe7 Rb2+ 58. Kg3 h5 0-1

[Event "chess.com Speed 2020"]
[Site "chess.com INT"]
[Date "2020.12.03"]
[Round "2.21"]
[White "Vachier-Lagrave, Maxime"]
[Black "Aronian, Levon"]
[Result "1/2-1/2"]
[WhiteTitle "GM"]
[BlackTitle "GM"]
[WhiteElo "2784"]
[BlackElo "2781"]
[WhiteFideId "623539"]
[BlackFideId "13300474"]
[EventDate "2020.11.01"]

1. e4 e5 2. Nf3 Nc6 3. Bc4 Bc5 4. c3 Nf6 5. d3 d6 6. O-O O-O 7. Re1 a5 8. Bg5 h6
9. Bh4 g5 10. Bg3 Ba7 11. Na3 g4 12. Nh4 Nh5 13. Nc2 Qg5 14. Ne3 Bxe3 15. fxe3
Nxg3 16. hxg3 Ne7 17. Qe2 Kg7 18. Rf1 h5 19. Rf2 Bd7 20. Raf1 f6 21. d4 c6 22.
Bd3 a4 23. Bc2 b5 24. Kh2 Be6 25. a3 Rad8 26. Bd3 Bc8 27. Qe1 Be6 28. Kg1 Rb8
29. Qe2 Bd7 30. Rd1 Rfd8 31. Rdf1 Rf8 32. Rd1 Rfd8 33. Rdf1 Rf8 1/2-1/2